|
|
|
|
| LEADER |
00939ncm a22002532a 4500 |
| 001 |
001224176 |
| 003 |
CZ BrMZK |
| 005 |
20120619092141.0 |
| 007 |
qu |
| 008 |
120619s1928 au |||||||||||||||||ger d |
| 040 |
|
|
|a BOA001
|b cze
|
| 072 |
|
7 |
|a 784
|x Vokální hudba
|2 Konspekt
|9 9
|
| 100 |
1 |
|
|a Weill, Kurt,
|d 1900-1950
|7 jn20000701946
|4 cmp
|
| 245 |
1 |
0 |
|a Kanonen-Song aus Die Dreigroschenoper
|h [hudebnina] :
|b Gesang und Klavier /
|c Kurt Weill ; nach dem Englischen des John Gay ; deutsche Bearb. von Bert Brecht
|
| 260 |
|
|
|a Wien :
|b Universal-Edition,
|c 1928
|
| 300 |
|
|
|a 3 s.
|
| 490 |
1 |
|
|a Universal-Edition ;
|v Nr. 8847
|
| 700 |
1 |
|
|a Gay, John,
|d 1685-1732
|7 ola2003165546
|4 lyr
|
| 700 |
1 |
|
|a Brecht, Bertolt,
|d 1898-1956
|7 jn19990001059
|4 trl
|
| 830 |
|
0 |
|a Universal-Edition
|
| 910 |
|
|
|a BOA001
|b Mus4-0407.251
|
| 990 |
|
|
|a MU
|
| 991 |
|
|
|b 201206
|
| 996 |
6 |
|
|b 2619679252
|c Mus4-0407.251
|l MZK
|r Sklad / do 1 hodiny
|n 0
|w 001258074
|u 000010
|a 1
|e BOA001
|j MZK50
|s P
|